书目信息 |
| 题名: |
墨子箴言录
|
|
| 作者: | 刘建 编著 | |
| 分册: | ||
| 出版信息: | 北京 北京广播学院出版社 1992.5 |
|
| 页数: | 249页 | |
| 开本: | 19cm | |
| 丛书名: | 诸子箴言录文库 | |
| 单 册: | ||
| 中图分类: | B224.5 | |
| 科图分类: | ||
| 主题词: | 墨家--研究 | |
| 电子资源: | ||
| ISBN: | 7-81004-306-4 | |
| 000 | 00690nam2 2200253 45 | |
| 001 | 0192014083 | |
| 005 | 20050519142107.2 | |
| 010 | @a7-81004-306-4@dCNY3.90 | |
| 020 | @aCN@b92014083 | |
| 092 | @a社科287-014 | |
| 100 | @a19921207d1992 em y0chiy0121 ea | |
| 101 | 0 | @achi |
| 102 | @aCN@b110000 | |
| 105 | @ay z 000yy | |
| 200 | 10 | @a墨子箴言录@Amo zi zhen yan lu@f刘建编著@Fliu jian bian zhu |
| 210 | @a北京@c北京广播学院出版社@d1992.5 | |
| 215 | @a249页@d19cm | |
| 225 | 2 | @a诸子箴言录文库@f王贵元主编 |
| 410 | 0 | @120010@a诸子箴言录文库 |
| 606 | @a墨家@x研究 | |
| 690 | @aB224.5@v3 | |
| 701 | 0 | @a刘建@4编著 |
| 801 | 0 | @aCN@bNLC@c19921207 |
| 905 | @dB224.5@e132@f1@b250428 | |
| 墨子箴言录/刘建编著.-北京:北京广播学院出版社,1992.5 |
| 249页;19cm.-(诸子箴言录文库/王贵元主编) |
| ISBN 7-81004-306-4:CNY3.90 |
| ● |
| 相关链接 |
|
|
|
|
正题名:墨子箴言录
索取号:B224.5/132
 
预约/预借
| 序号 | 登录号 | 条形码 | 馆藏地/架位号 | 状态 | 备注 |
| 1 | 0250426 | 000506848 | 第一借阅区/ [索取号:B224.5/132] | 在馆 | |
| 2 | 0250427 | 000506884 | 第一借阅区/ [索取号:B224.5/132] | 在馆 | |
| 3 | 0250428 | 000506893 | 第一样本阅览室/ [索取号:B224.5/132] | 在馆 |